Normal view
MARC view
Entry Personal Name
001 - CONTROL NUMBER
- control field: 10372
003 - CONTROL NUMBER IDENTIFIER
- control field: OSt
005 - DATE AND TIME OF LATEST TRANSACTION
- control field: 20211115094512.0
008 - FIXED-LENGTH DATA ELEMENTS
- fixed length control field: 211115|| aca||aabn | a|a d
040 ## - CATALOGING SOURCE
- Original cataloging agency: OSt
- Transcribing agency: OSt
100 ## - HEADING--PERSONAL NAME
- Personal name: Lobo,Shon Marwin; Shetty, Annapoorna.
- Dates associated with a name: 181732
670 ## - SOURCE DATA FOUND
- Source citation: Work cat.: (OSt): Lobo,Shon Marwin; Shetty, Annapoorna. 181732, Enhance an online card game used as a tools for survey, 2021